000
00256nam a22001097a 4500
082
_a
808.80357 NAR'M
100
_a
NARGIS, NAHEED
_9
66924
245
_a
THE MUSICAL HERITAGE OF PAKISTAN
260
_a
ISLAMABAD
_b
MODERN
_c
1987
300
_a
119P
942
_c
BK
999
_c
574785
_d
574785